000 00819nam a2200253Ia 4500
005 20251020182456.0
008 200515s9999 xx 000 0 und d
020 _a84-291-2051-3
082 _a624.041/H58
100 _aHirschfeld, K.
245 0 _aEstática en la construcción
260 _aBarcelona
260 _bREVERTÉ
260 _c1975
300 _a1587 p.
300 _bil., tbl., graf.
500 _a1 ejemplar
520 _aEn la primera parte se tratan las bases y procedimientos usuales de sistemas estáticamente determinadas e indeterminadas, además el estudio cinemático de una viga así como la teoría de la ecuación de los cinco momentos. En la segunda parte se incluyen los
650 _aESTATICA
650 _aESTRUCTURAS
650 _aVIGAS
942 _cLIB
999 _c1004
_d1004